[Event "15th HZ Open"]
[Site "Vlissingen NED"]
[Date "2011.08.02"]
[Round "5"]
[White "Kok, Ivo"]
[Black "Steenbekkers, Franck"]
[Result "0-1"]
[BlackTitle "CM"]
[WhiteElo "1985"]
[BlackElo "2223"]
[WhiteFideId "1022024"]
[BlackFideId "1004220"]
[EventDate "2011.07.30"]

1. e4 e6 2. d4 d5 3. Nd2 Nf6 4. e5 Nfd7 5. Bd3 c5 6. c3 Nc6 7. Ne2 cxd4 8. cxd4
f6 9. exf6 Nxf6 10. O-O Bd6 11. f4 O-O 12. Nf3 Qb6 13. Kh1 Bd7 14. Nc3 Be8 15.
Qb3 Qxb3 16. axb3 Bh5 17. Ne2 Bc7 18. Bd2 Ne4 19. Be3 Nf6 20. Bd2 Bb6 21. Ra4 a6
22. h3 h6 23. g4 Be8 24. Kg2 Na7 25. Raa1 Bb5 26. Ne5 Bxd3 27. Nxd3 Ne4 28. Be3
Nc6 29. Nc3 Bxd4 30. Bxd4 Nxd4 31. Nxe4 dxe4 32. Nc5 Nc2 33. Nxe6 Rf6 34. Nc7
Rd8 0-1

[Event "15th HZ Open"]
[Site "Vlissingen NED"]
[Date "2011.08.02"]
[Round "5"]
[White "Sparreboom, Wil"]
[Black "Ten Hagen, Yorick"]
[Result "0-1"]
[WhiteElo "1948"]
[BlackElo "2189"]
[WhiteFideId "1003836"]
[BlackFideId "1020072"]
[EventDate "2011.07.30"]

1. Nf3 Nf6 2. d4 e6 3. g3 c5 4. Bg2 cxd4 5. Nxd4 a6 6. c4 Qc7 7. Qd3 Nc6 8. Nxc6
bxc6 9. O-O Be7 10. Bf4 e5 11. Bd2 O-O 12. Nc3 Rb8 13. b3 Bb7 14. Rfd1 Rbd8 15.
Bg5 d5 16. cxd5 cxd5 17. Rac1 e4 18. Nxe4 dxe4 19. Rxc7 exd3 20. Rxe7 dxe2 21.
Re1 Be4 22. Bxe4 Rd1 23. Bxh7+ Nxh7 24. Rxe2 Rxe1+ 25. Rxe1 Nxg5 26. Re7 Rc8 27.
h4 Ne6 28. Ra7 Rc6 29. Ra8+ Kh7 30. b4 Kg6 31. a4 f6 32. Rb8 Nd4 33. Kg2 Rc4 34.
Rb6 Nc6 35. Rxa6 Nxb4 36. Ra8 Nd3 37. Rd8 Nb2 38. a5 Rc5 39. a6 Ra5 40. Rd6 Nc4
41. Re6 Ne5 42. f4 Nd3 43. Rb6 Nc5 44. g4 Ra2+ 45. Kf3 Ra3+ 46. Kg2 Rxa6 47. h5+
Kh7 48. Rb5 Ne6 49. Rb4 Rd6 50. Re4 f5 51. gxf5 Nd4 52. Kg3 Nxf5+ 53. Kg4 Nh6+
54. Kh4 Rd1 55. Re5 Ng8 0-1

[Event "15th HZ Open"]
[Site "Vlissingen NED"]
[Date "2011.08.02"]
[Round "5"]
[White "Arana Garate, Jon"]
[Black "Smits, Sebastiaan"]
[Result "0-1"]
[WhiteElo "1928"]
[BlackElo "2180"]
[WhiteFideId "22200622"]
[BlackFideId "1019384"]
[EventDate "2011.07.30"]

1. d4 Nf6 2. c4 g6 3. Nc3 Bg7 4. e4 O-O 5. Be3 c6 6. Bd3 d5 7. Nge2 dxe4 8. Nxe4
Nbd7 9. Qc2 Nxe4 10. Bxe4 Nf6 11. Bd3 e5 12. O-O Ng4 13. Qc3 exd4 14. Bxd4 Qd6
15. g3 Bxd4 16. Nxd4 Rd8 17. Rfe1 f6 18. Be4 Qxd4 19. Qf3 Ne5 20. Qb3 Qxc4 21.
Qa3 Bg4 22. h3 Bxh3 23. Qe7 Qf7 24. Qb4 Be6 25. Rad1 Bd5 26. Bxd5 Rxd5 27. Qe4
Rad8 28. Rc1 Rd4 0-1

[Event "15th HZ Open"]
[Site "Vlissingen NED"]
[Date "2011.08.02"]
[Round "5"]
[White "Stefan, Romulus-Cristian"]
[Black "Driessen, Wim"]
[Result "1-0"]
[WhiteElo "2172"]
[BlackElo "1985"]
[WhiteFideId "1232835"]
[BlackFideId "1024990"]
[EventDate "2011.07.30"]

1. f4 d6 2. Nf3 Bg4 3. e4 Nd7 4. Be2 e5 5. d3 c6 6. O-O Be7 7. Kh1 Ngf6 8. Nc3
b5 9. Qe1 O-O 10. Qg3 Bxf3 11. Bxf3 Re8 12. f5 b4 13. Nd1 Qc7 14. Bh6 Bf8 15.
Bg5 a5 16. Qe1 Rac8 17. g4 h6 18. Bd2 Re7 19. h4 Rce8 20. g5 hxg5 21. hxg5 Nh7
22. Qh4 g6 23. f6 Re6 24. Bg4 1-0

[Event "15th HZ Open"]
[Site "Vlissingen NED"]
[Date "2011.08.02"]
[Round "5"]
[White "Von Meijenfeldt, Bart"]
[Black "Onrust, Benny"]
[Result "1/2-1/2"]
[WhiteElo "2154"]
[BlackElo "1957"]
[WhiteFideId "1032259"]
[BlackFideId "1025902"]
[EventDate "2011.07.30"]

1. e4 e5 2. Nf3 Nf6 3. Nxe5 d6 4. Nf3 Nxe4 5. Nc3 Nxc3 6. dxc3 Be7 7. Bd3 Bg4 8.
Bf4 Nd7 9. Qe2 Nc5 10. O-O-O Nxd3+ 11. Rxd3 Qd7 12. Re1 Be6 13. Nd4 O-O 14. g3
Rae8 15. Re3 Bf6 16. Nxe6 fxe6 17. Rxe6 Qxe6 18. Qxe6+ Rxe6 19. Rxe6 Kf7 20. Re4
g5 21. Be3 d5 22. Ra4 a6 23. f4 g4 24. Bd4 Ke6 25. Kd2 Be7 26. c4 c5 27. cxd5+
Kxd5 28. Bf2 Rf5 29. Kd3 Rh5 30. Bg1 b5 31. Rxa6 c4+ 32. Ke2 Bc5 33. Kf1 Bxg1
34. Kxg1 Ke4 35. Kg2 Ke3 36. Rd6 b4 37. a3 bxa3 38. bxa3 Ra5 39. h3 gxh3+ 40.
Kxh3 Rxa3 41. f5 Rc3 42. Rh6 Rxc2 43. Rxh7 Rf2 44. Kg4 c3 45. Rc7 c2 46. Kg5 Kd2
47. g4 c1=Q 48. Rxc1 Kxc1 49. f6 Kd2 50. Kg6 Ke3 51. f7 Rxf7 52. Kxf7 Kf4 53.
Kf8 1/2-1/2

[Event "15th HZ Open"]
[Site "Vlissingen NED"]
[Date "2011.08.02"]
[Round "5"]
[White "Garcia Serrano, Jose M.2"]
[Black "Grochal, Joey"]
[Result "0-1"]
[WhiteElo "1925"]
[BlackElo "2147"]
[WhiteFideId "2285215"]
[BlackFideId "1019945"]
[EventDate "2011.07.30"]

1. e4 c5 2. d4 cxd4 3. c3 dxc3 4. Nxc3 Nc6 5. Nf3 d6 6. Bc4 a6 7. O-O Nf6 8. Bg5
e6 9. Qe2 h6 10. Be3 Ng4 11. Bf4 g5 12. Bc1 Nge5 13. Nxe5 Nd4 14. Qd3 dxe5 15.
Rd1 b5 16. Bb3 Bb7 17. Qh3 Qf6 18. Be3 Bc5 19. Rd2 O-O 20. Bd1 Rac8 21. Qg4 Qg7
22. h4 f5 23. Qh5 f4 24. Bxd4 exd4 25. Bb3 Rce8 26. Ne2 Bxe4 27. hxg5 hxg5 28.
Rad1 d3 29. Nc3 Qg6 30. Qg4 Bf5 31. Qf3 Rc8 32. Qb7 g4 33. Rxd3 g3 34. Rd7 Rce8
35. Ne2 Be4 36. Nxf4 Rxf4 37. Bxe6+ Qxe6 38. Rg7+ Kh8 39. Rxg3 Bxb7 0-1

[Event "15th HZ Open"]
[Site "Vlissingen NED"]
[Date "2011.08.02"]
[Round "5"]
[White "Go, Benjamin"]
[Black "Ijzermans, Cees"]
[Result "1-0"]
[WhiteElo "2124"]
[BlackElo "1900"]
[WhiteFideId "1014560"]
[BlackFideId "1027425"]
[EventDate "2011.07.30"]

1. e4 c5 2. b4 b6 3. bxc5 bxc5 4. Nc3 Nc6 5. Nf3 Qa5 6. Bc4 g6 7. Rb1 Bg7 8. O-O
a6 9. Nd5 e6 10. Re1 Nge7 11. d3 d6 12. Nb6 Rb8 13. Bd2 Nb4 14. Nxc8 Rxc8 15. a3
Qxa3 16. c3 Nbc6 17. Ra1 Qb2 18. Rb1 Qa3 19. Ra1 Qb2 20. Ra2 Qb8 21. Bxa6 Rd8
22. Qa1 O-O 23. Rb1 Nb4 24. d4 1-0

[Event "15th HZ Open"]
[Site "Vlissingen NED"]
[Date "2011.08.02"]
[Round "5"]
[White "Bottema, Martin"]
[Black "Schuhmacher, Jakob"]
[Result "1/2-1/2"]
[WhiteElo "2062"]
[BlackElo "1841"]
[WhiteFideId "1011006"]
[BlackFideId "4612787"]
[EventDate "2011.07.30"]

1. c4 Nf6 2. Nc3 e6 3. d4 Bb4 4. Qc2 O-O 5. a3 Bxc3+ 6. Qxc3 b6 7. Bg5 Bb7 8. f3
h6 9. Bh4 d6 10. e4 c5 11. Bd3 Nc6 12. dxc5 dxc5 13. O-O-O e5 14. f4 Nxe4 15.
Qe1 Nf6 16. Bh7+ Nxh7 17. Bxd8 Nxd8 18. Nf3 e4 19. Ne5 Ne6 20. Rd7 Rab8 21. Rf1
Nf6 22. Rd6 Rfe8 23. f5 Nd4 24. Rxf6 Rxe5 25. Rxh6 Ne2+ 26. Qxe2 gxh6 27. Qe3
Kh7 28. Rf4 Rh8 29. Rh4 Kg7 30. f6+ Kxf6 31. Rxh6+ Rxh6 32. Qxh6+ Ke7 33. Qh8
Re6 34. Kd2 e3+ 35. Ke2 Bxg2 36. Qh4+ Ke8 37. Qf4 Bc6 38. h4 Kf8 39. h5 Kg7 40.
Qg5+ Kh7 41. Qf5+ Kg7 42. Qg5+ Kh7 1/2-1/2

[Event "15th HZ Open"]
[Site "Vlissingen NED"]
[Date "2011.08.02"]
[Round "5"]
[White "Van Overdam, Jan"]
[Black "Fernandez, Michael"]
[Result "1-0"]
[WhiteElo "2062"]
[BlackElo "1754"]
[WhiteFideId "1022741"]
[BlackFideId "5803560"]
[EventDate "2011.07.30"]

1. e4 c5 2. Nc3 Nc6 3. f4 g6 4. Nf3 Bg7 5. Bb5 d6 6. Bxc6+ bxc6 7. d3 Rb8 8. O-O
f5 9. e5 d5 10. Na4 Qa5 11. c4 e6 12. b3 Bf8 13. Ba3 Be7 14. Qe1 Rb4 15. Bxb4
Qxb4 16. Qxb4 cxb4 17. cxd5 cxd5 18. Rfc1 Ba6 19. Nc5 Bxc5+ 20. Rxc5 Ne7 21. Rc7
Bxd3 22. Rac1 Rg8 23. Ng5 a6 24. Ra7 Bb5 1-0

[Event "15th HZ Open"]
[Site "Vlissingen NED"]
[Date "2011.08.02"]
[Round "5"]
[White "Afek, Yochanan"]
[Black "Van de Griend, Johan"]
[Result "1-0"]
[WhiteTitle "IM"]
[WhiteElo "2298"]
[BlackElo "1912"]
[WhiteFideId "2800462"]
[BlackFideId "1028936"]
[EventDate "2011.07.30"]

1. c4 e5 2. Nc3 Nf6 3. g3 Nc6 4. Bg2 Bc5 5. e3 d6 6. Nge2 a6 7. d4 exd4 8. exd4
Ba7 9. O-O h6 10. Be3 O-O 11. d5 Ne7 12. Bxa7 Rxa7 13. h3 Bf5 14. g4 Bh7 15. f4
Ra8 16. f5 c6 17. dxc6 bxc6 18. Qd4 Rb8 19. b3 Qc7 20. Rad1 Rfd8 21. Nf4 h5 22.
g5 Nxf5 23. Qf2 Nd7 24. Nxh5 Nc5 25. Ne4 Ne6 26. Nhf6+ gxf6 27. Nxf6+ Kg7 28.
Nxh7 Qb6 29. Qxb6 Rxb6 30. Rxf5 Kxh7 31. Rxf7+ Kg8 32. Rf6 1-0

[Event "15th HZ Open"]
[Site "Vlissingen NED"]
[Date "2011.08.02"]
[Round "5"]
[White "Bus, Tom"]
[Black "Pauwels, Rudi"]
[Result "1-0"]
[WhiteElo "2237"]
[BlackElo "1910"]
[WhiteFideId "1014374"]
[BlackFideId "201880"]
[EventDate "2011.07.30"]

1. c4 b6 2. Nc3 Bb7 3. e4 e5 4. Nf3 Nc6 5. Be2 Bc5 6. O-O d6 7. d3 Nge7 8. Rb1
a5 9. a3 O-O 10. Ne1 Nd4 11. Bg4 Nec6 12. Nd5 Ne6 13. b3 Bd4 14. Kh1 Ne7 15. Nc2
c6 16. Nxe7+ Qxe7 17. f4 Bc3 18. f5 Nd4 19. f6 gxf6 20. Nxd4 Bxd4 21. Bf5 1-0

[Event "15th HZ Open"]
[Site "Vlissingen NED"]
[Date "2011.08.02"]
[Round "5"]
[White "Rogmans, Jelle"]
[Black "Goormachtigh, Johan"]
[Result "0-1"]
[BlackTitle "FM"]
[WhiteElo "1933"]
[BlackElo "2237"]
[WhiteFideId "209821"]
[BlackFideId "200280"]
[EventDate "2011.07.30"]

1. Nc3 c5 2. Ne4 b6 3. f4 Bb7 4. Nf2 Nf6 5. e3 g6 6. b3 Bg7 7. Bb2 O-O 8. Nf3 d6
9. g3 Nbd7 10. Bg2 Qc7 11. O-O Ne4 12. Bxg7 Nxf2 13. Rxf2 Kxg7 14. Ng5 Bxg2 15.
Kxg2 Qc6+ 16. Qf3 Qxf3+ 17. Nxf3 e5 18. Raf1 f6 19. Ng1 f5 20. Ne2 Nf6 21. Nc3
e4 22. Nb5 Ne8 23. c4 a6 24. Nc3 Nf6 25. Rc1 Rfd8 26. Rc2 Rab8 27. a4 d5 28.
Nxd5 Nxd5 29. cxd5 Rxd5 30. Kf1 Rd3 31. Rb2 b5 32. Rc2 c4 33. axb5 cxb3 34. Rc7+
Kh6 35. Ke2 Rxb5 36. Rf1 a5 37. h3 Rbd5 38. Rd1 Rd7 39. Rc4 b2 40. Rc2 Rb7 41.
Rb1 Rdb3 42. g4 a4 43. gxf5 a3 44. fxg6 hxg6 45. Rc6 R3b6 0-1

[Event "15th HZ Open"]
[Site "Vlissingen NED"]
[Date "2011.08.04"]
[Round "7"]
[White "Eisenbeiser, Amadeus"]
[Black "L'Ami, Erwin"]
[Result "1/2-1/2"]
[WhiteTitle "IM"]
[BlackTitle "GM"]
[WhiteElo "2386"]
[BlackElo "2611"]
[WhiteFideId "4678338"]
[BlackFideId "1007998"]
[EventDate "2011.07.30"]

1. e4 c6 2. d4 d5 3. Nc3 dxe4 4. Nxe4 Bf5 5. Ng3 Bg6 6. h4 h6 7. Nh3 Nf6 8. Nf4
Bh7 9. Be3 e6 10. Bd3 Bxd3 11. Nxd3 Qa5+ 12. c3 Nbd7 13. Qb3 Qb6 14. Qc2 Nd5 15.
O-O-O Be7 16. Kb1 Qc7 17. Bc1 b5 18. Nh5 g6 19. Nhf4 Bd6 20. g3 O-O-O 21. Rhe1
Kb8 22. Re2 Ka8 23. Ka1 N7b6 24. b3 h5 25. Ng2 Rhe8 26. Bb2 Bf8 27. Nge1 Nd7 28.
Nf3 c5 29. dxc5 Nxc5 30. Nxc5 Bxc5 31. Red2 Rc8 32. Qe4 Qb7 33. Ne5 Re7 34. c4
bxc4 35. Nxc4 Nb6 36. Qxb7+ Kxb7 37. Bf6 Rec7 38. Be5 Re7 39. Bf6 Rec7 40. Be5
Re7 1/2-1/2

[Event "15th HZ Open"]
[Site "Vlissingen NED"]
[Date "2011.08.04"]
[Round "7"]
[White "Hoffmann, Michael1"]
[Black "Vishnu Prasanna. V"]
[Result "1-0"]
[WhiteTitle "GM"]
[BlackTitle "IM"]
[WhiteElo "2493"]
[BlackElo "2340"]
[WhiteFideId "4601297"]
[BlackFideId "5030692"]
[EventDate "2011.07.30"]

1. d4 d5 2. c4 c6 3. Nf3 Nf6 4. Nc3 e6 5. Bg5 dxc4 6. e4 b5 7. e5 h6 8. Bh4 g5
9. Nxg5 hxg5 10. Bxg5 Be7 11. exf6 Bxf6 12. Bxf6 Qxf6 13. g3 Na6 14. Bg2 Bb7 15.
Ne4 Qe7 16. O-O O-O-O 17. a4 Kb8 18. Qd2 e5 19. axb5 Rxd4 20. Qa5 cxb5 21. Qxb5
Rh6 22. Rfe1 Nc7 23. Qc5 Qxc5 24. Nxc5 Bxg2 25. Kxg2 Rb6 26. Rxe5 Rxb2 27. Rf5
Nb5 28. Rxf7 Rd5 29. Nd7+ Kb7 30. Nf6+ Kc6 31. Nxd5 Kxd5 32. h4 c3 33. h5 c2 34.
Rc1 Nd4 35. h6 Rb1 36. Rd7+ Ke6 37. Rxd4 Rxc1 38. Rc4 Kf7 39. Rc7+ Kg8 40. g4 1-0

[Event "15th HZ Open"]
[Site "Vlissingen NED"]
[Date "2011.08.04"]
[Round "7"]
[White "Kuipers, Stefan"]
[Black "Burg, Twan"]
[Result "0-1"]
[WhiteTitle "FM"]
[BlackTitle "IM"]
[WhiteElo "2365"]
[BlackElo "2450"]
[WhiteFideId "1018400"]
[BlackFideId "1010697"]
[EventDate "2011.07.30"]

1. e4 c5 2. Nf3 d6 3. d4 cxd4 4. Nxd4 Nf6 5. Nc3 a6 6. Be3 Nbd7 7. g4 h6 8. h3
Qc7 9. Bg2 Ne5 10. O-O g6 11. Nd5 Nxd5 12. exd5 h5 13. g5 Bg7 14. Qd2 O-O 15. b3
Nd7 16. c4 Re8 17. Rae1 Nf8 18. f4 e5 19. dxe6 Nxe6 20. Nxe6 Bxe6 21. Kh2 Rac8
22. Rc1 Bf5 23. Bd4 Bxd4 24. Qxd4 Re2 25. Rf2 Rce8 26. Rd1 b5 27. cxb5 axb5 28.
Rxe2 Rxe2 29. Rd2 Re7 30. a4 bxa4 31. bxa4 d5 32. Qf2 Be4 33. h4 Bxg2 34. Kxg2
Re4 35. Rd4 Qe7 36. Rxe4 Qxe4+ 37. Qf3 Qxa4 38. Qxd5 Qxf4 39. Qd8+ Kg7 40. Qe7
Qg4+ 41. Kf1 Qxh4 42. Qf6+ Kg8 43. Qd8+ Kh7 44. Qf8 Qf4+ 45. Ke1 Qe5+ 46. Kf2
Qg7 47. Qb4 Qh8 48. Qf4 Qb2+ 49. Kg3 Kg7 50. Kh4 Qa1 51. Qe4 Qf1 52. Qe5+ Kh7
53. Qd4 Qf5 54. Qc4 Qf2+ 55. Kh3 Qe3+ 56. Kh4 Qe1+ 57. Kh3 Qe6+ 0-1

[Event "15th HZ Open"]
[Site "Vlissingen NED"]
[Date "2011.08.04"]
[Round "7"]
[White "Henrichs, Thomas"]
[Black "Kuling, Lody"]
[Result "1-0"]
[WhiteTitle "IM"]
[WhiteElo "2475"]
[BlackElo "2223"]
[WhiteFideId "4626605"]
[BlackFideId "1019686"]
[EventDate "2011.07.30"]

1. d4 Nf6 2. Nf3 c5 3. c4 cxd4 4. Nxd4 g6 5. Nc3 Bg7 6. e4 O-O 7. Be2 Nc6 8. Nc2
d6 9. O-O Nd7 10. Bd2 Nc5 11. b4 Ne6 12. Rc1 a5 13. a3 axb4 14. axb4 Ned4 15.
Nxd4 Nxd4 16. Bg5 Nxe2+ 17. Qxe2 Bxc3 18. Rxc3 Ra4 19. Qb2 Qd7 20. Bh6 Rd8 21.
c5 e5 22. Rd1 Qg4 23. f3 Qh4 24. Qd2 f6 25. Qd5+ Kh8 26. Qf7 Rg8 27. Be3 Rxb4
28. g3 Qh3 29. Qxf6+ Rg7 30. Bh6 Rb2 31. Qxg7# 1-0

[Event "15th HZ Open"]
[Site "Vlissingen NED"]
[Date "2011.08.04"]
[Round "7"]
[White "Timmermans, Ivo"]
[Black "Deepan, Chakkravarthy J."]
[Result "1/2-1/2"]
[BlackTitle "GM"]
[WhiteElo "2232"]
[BlackElo "2470"]
[WhiteFideId "1002910"]
[BlackFideId "5011132"]
[EventDate "2011.07.30"]

1. e4 c5 2. Nf3 d6 3. d4 cxd4 4. Nxd4 Nf6 5. Nc3 a6 6. Bg5 Nbd7 7. f4 e6 8. Qf3
Qc7 9. O-O-O Be7 10. g4 b5 11. Bxf6 Nxf6 12. g5 Nd7 13. f5 Bxg5+ 14. Kb1 Ne5 15.
Qh5 Qd8 16. fxe6 g6 17. exf7+ Kxf7 18. Qe2 Bg4 19. Qf2+ Qf6 20. Qxf6+ Bxf6 21.
Be2 Bxe2 22. Ndxe2 Nc4 23. Nd4 Rhf8 24. Nd5 Bxd4 25. Rxd4 Rac8 26. b3 Ne5 27.
Rf1+ Ke6 28. Rdd1 Nf3 29. Rf2 h5 30. c4 bxc4 31. Nb6 Rc6 32. Nxc4 g5 33. Na5 Rc5
34. Nb7 Rc7 35. Na5 g4 36. Nc4 Rc6 37. Ne3 Rf4 38. Nf5 Ke5 39. Ne7 Rb6 40. Nd5
Rc6 41. Ne7 Rb6 42. Nd5 Rc6 1/2-1/2

[Event "15th HZ Open"]
[Site "Vlissingen NED"]
[Date "2011.08.04"]
[Round "7"]
[White "Zaragatski, Ilja"]
[Black "Ten Hagen, Yorick"]
[Result "1-0"]
[WhiteTitle "IM"]
[WhiteElo "2469"]
[BlackElo "2189"]
[WhiteFideId "4655192"]
[BlackFideId "1020072"]
[EventDate "2011.07.30"]

1. Nf3 c5 2. g3 g6 3. c4 Nc6 4. Bg2 Bg7 5. Nc3 d6 6. a3 e5 7. O-O Nge7 8. b4 O-O
9. Rb1 h6 10. Ne1 Bf5 11. d3 Qc8 12. Ne4 Rd8 13. bxc5 dxc5 14. Nxc5 Na5 15. Qa4
Qxc5 16. Rb5 Bd7 17. Rxc5 Bxa4 18. Rxa5 Bc6 19. Nc2 a6 20. Nb4 Bxg2 21. Kxg2 e4
22. Be3 exd3 23. exd3 Nf5 24. Bb6 Re8 25. Rd5 Re6 26. c5 a5 27. Nc2 Re2 28. g4
Nh4+ 29. Kg3 g5 30. Ne3 Re8 31. Nc4 a4 32. Bc7 R8e6 33. Rd6 Re7 34. Bd8 Re8 35.
Rd5 Bc3 36. Bc7 Be1 37. Re5 f5 38. Rxe8+ Rxe8 39. gxf5 h5 40. Be5 Nxf5+ 41. Kf3
Bd2 42. Ke4 Nh4 43. Nxd2 1-0

[Event "15th HZ Open"]
[Site "Vlissingen NED"]
[Date "2011.08.04"]
[Round "7"]
[White "Haast, Anne"]
[Black "Bezemer, Arno"]
[Result "1/2-1/2"]
[WhiteTitle "WIM"]
[BlackTitle "FM"]
[WhiteElo "2223"]
[BlackElo "2348"]
[WhiteFideId "1017292"]
[BlackFideId "1001396"]
[EventDate "2011.07.30"]

1. d4 Nf6 2. Nf3 g6 3. Nc3 d5 4. Bf4 Bg7 5. Qd2 Ne4 6. Nxe4 dxe4 7. Ne5 Nd7 8.
Nxd7 Qxd7 9. e3 O-O 10. Qc3 c6 11. Be2 b6 12. Be5 Bxe5 13. dxe5 c5 1/2-1/2

[Event "15th HZ Open"]
[Site "Vlissingen NED"]
[Date "2011.08.04"]
[Round "7"]
[White "Fernandez, Daniel Howard"]
[Black "Stefan, Romulus-Cristian"]
[Result "1-0"]
[WhiteTitle "IM"]
[WhiteElo "2328"]
[BlackElo "2172"]
[WhiteFideId "5801605"]
[BlackFideId "1232835"]
[EventDate "2011.07.30"]

1. e4 e5 2. Nf3 Nc6 3. Bc4 Be7 4. d3 d6 5. h3 Nf6 6. a3 O-O 7. Nc3 Nd7 8. Be3
Kh8 9. Qd2 Nb6 10. Ba2 Be6 11. Nd5 Qd7 12. d4 exd4 13. Nxd4 Nxd4 14. Bxd4 Bxd5
15. exd5 Kg8 16. O-O-O Rfe8 17. Kb1 Bf8 18. Rhe1 Qf5 19. g4 Qf3 20. Qc3 Qxc3 21.
Bxc3 Nd7 22. Bc4 a6 23. Rxe8 Rxe8 24. Re1 Rxe1+ 25. Bxe1 Be7 26. a4 Bh4 27. a5
Kf8 28. Be2 Ke7 29. b4 g6 30. c4 Kd8 31. Kc2 Ke7 32. Kd3 Kd8 33. Ke3 Ke7 34. Bd2
Bf6 35. Ke4 Kd8 36. f4 Ke7 37. Be1 Kd8 38. h4 Ke7 39. g5 Bb2 40. f5 Ba1 41. f6+
Kd8 42. Bd2 Bb2 43. h5 Ba1 44. h6 Bb2 45. Bf1 Ke8 46. Kd3 Be5 47. Be3 Bg3 48.
Kd2 Ne5 49. c5 Kd8 50. c6 Kc8 51. cxb7+ Kxb7 52. b5 axb5 53. Bxb5 Bh2 54. a6+
Kb8 55. Kc3 Bg3 56. Kb4 Be1+ 57. Ka4 Bc3 58. Be8 Be1 59. Kb5 1-0

[Event "15th HZ Open"]
[Site "Vlissingen NED"]
[Date "2011.08.04"]
[Round "7"]
[White "Porte, Henrik"]
[Black "Ortmann, David"]
[Result "0-1"]
[BlackTitle "FM"]
[WhiteElo "2119"]
[BlackElo "2322"]
[WhiteFideId "1016326"]
[BlackFideId "4651588"]
[EventDate "2011.07.30"]

1. d4 d5 2. c4 c6 3. Nf3 Nf6 4. Nc3 dxc4 5. a4 a5 6. e4 Bg4 7. Bxc4 e6 8. Be3
Bb4 9. Qc2 Nbd7 10. Nd2 e5 11. O-O O-O 12. Kh1 Bh5 13. h3 Re8 14. Rae1 Bg6 15.
f3 Nh5 16. Ne2 exd4 17. Bxd4 Ne5 18. Bc3 Bd6 19. Bxe5 Bxe5 20. f4 Bc7 21. f5 Qd6
22. Nf3 Bxf5 23. exf5 Re3 24. Ned4 Ng3+ 25. Kg1 Nxf1 26. Kxf1 Rxe1+ 27. Kxe1
Re8+ 28. Kf1 Re7 29. Qb3 Qc5 30. f6 gxf6 31. Qc2 Bb6 32. b3 Rd7 33. Nf5 Rd1+ 34.
Ke2 Rd5 35. Nh6+ Kg7 36. Ng4 h5 37. Qe4 f5 38. Qf4 hxg4 39. Qg5+ Kf8 40. Bxd5
Qxd5 41. hxg4 Qe4+ 42. Kd2 fxg4 43. Ne5 Qxg2+ 44. Kc3 Qd5 45. Qh6+ Ke7 46. Qh4+
Ke6 47. Nxg4 Bd4+ 48. Kc2 Qf5+ 49. Kd2 Kd7 50. Qh3 Kc7 51. Qg3+ Kb6 52. Qh4 f6
53. Qg3 Qg5+ 54. Kd3 f5 55. Qd6 Qxg4 56. Qd8+ Ka6 57. Qa8+ Ba7 0-1

[Event "15th HZ Open"]
[Site "Vlissingen NED"]
[Date "2011.08.04"]
[Round "7"]
[White "Sveshnikov, Vladimir"]
[Black "Go, Benjamin"]
[Result "1-0"]
[WhiteTitle "IM"]
[WhiteElo "2407"]
[BlackElo "2124"]
[WhiteFideId "11601884"]
[BlackFideId "1014560"]
[EventDate "2011.07.30"]

1. e4 e5 2. Nf3 Nc6 3. d4 exd4 4. Bc4 Nf6 5. e5 d5 6. Bb5 Ne4 7. Nxd4 Bd7 8.
Bxc6 bxc6 9. O-O Bc5 10. f3 Ng5 11. f4 Ne4 12. Be3 Qe7 13. Nd2 Nxd2 14. Qxd2 O-O
15. Nb3 Bb6 16. Qc3 f6 17. Bc5 fxe5 18. fxe5 Rxf1+ 19. Rxf1 Re8 20. a4 Bc8 21.
Re1 Bxc5+ 22. Nxc5 Bf5 23. b4 Qh4 24. g3 Qg4 25. Qd2 h5 26. c3 h4 27. Qf4 hxg3
28. hxg3 Qh5 29. Re3 Re7 30. e6 g6 31. Nd7 Qd1+ 32. Kf2 Qd2+ 33. Re2 Qxf4+ 34.
gxf4 Rxe6 35. Rxe6 Bxe6 36. Ne5 c5 37. bxc5 a5 38. Nxg6 Bd7 39. c6 Bg4 40. Ke1
Bf3 41. Ne7+ Kf7 42. Nf5 Kf6 43. Nd4 Bh5 44. Kd2 Ke7 45. Nf5+ Kf6 46. Nd4 Ke7
47. Nb5 Kd8 48. f5 Be8 49. Nd4 Ke7 50. Ke3 Kd6 51. Kf4 Ke7 52. Ke5 1-0

[Event "15th HZ Open"]
[Site "Vlissingen NED"]
[Date "2011.08.04"]
[Round "7"]
[White "Ikonnikov, Vyacheslav"]
[Black "Colijn, Stefan"]
[Result "1-0"]
[WhiteTitle "GM"]
[WhiteElo "2553"]
[BlackElo "2207"]
[WhiteFideId "4100972"]
[BlackFideId "1016199"]
[EventDate "2011.07.30"]

1. d4 d5 2. Nf3 Nf6 3. c4 c6 4. Nc3 e6 5. Bg5 Nbd7 6. cxd5 exd5 7. Qc2 Be7 8. e3
O-O 9. Bd3 Re8 10. O-O h6 11. Bf4 Nh5 12. Nxd5 Nxf4 13. Nxf4 Bd6 14. Ne2 Nf6 15.
e4 Bc7 16. h3 Qe7 17. Rfe1 Nh5 18. e5 Ba5 19. g4 Bxe1 20. Rxe1 Qb4 21. a3 Qa5
22. Kg2 g5 23. gxh5 g4 24. hxg4 Bxg4 25. Rg1 Kh8 26. Qc1 Re6 27. Nf4 Re7 28. Nh4
Rg8 29. Nfg6+ fxg6 30. Qxh6+ Rh7 31. Nxg6+ Rxg6 32. Qxg6 Rg7 33. Qh6+ Kg8 34.
Bc4+ 1-0

[Event "15th HZ Open"]
[Site "Vlissingen NED"]
[Date "2011.08.04"]
[Round "7"]
[White "Tan, Matthew"]
[Black "Van Den Berg, Bram"]
[Result "1/2-1/2"]
[WhiteTitle "FM"]
[WhiteElo "2400"]
[BlackElo "2206"]
[WhiteFideId "1011316"]
[BlackFideId "1008684"]
[EventDate "2011.07.30"]

1. e4 d5 2. exd5 Nf6 3. d4 Bg4 4. f3 Bf5 5. Bb5+ c6 6. dxc6 Qa5+ 7. Nc3 Nxc6 8.
Qe2 O-O-O 9. Bxc6 bxc6 10. Qc4 e5 11. Ne2 Kb7 12. Bd2 Be6 13. Qd3 exd4 14. Ne4
Bb4 15. Nxf6 gxf6 16. a3 Bxd2+ 17. Qxd2 Qc5 18. O-O-O d3 19. Nc3 Bf5 20. Ne4
Bxe4 21. fxe4 Rhe8 22. Rhe1 dxc2 1/2-1/2

[Event "15th HZ Open"]
[Site "Vlissingen NED"]
[Date "2011.08.04"]
[Round "7"]
[White "Leenhouts, Koen"]
[Black "Brown, Andrew"]
[Result "0-1"]
[WhiteTitle "IM"]
[BlackTitle "IM"]
[WhiteElo "2397"]
[BlackElo "2202"]
[WhiteFideId "1008439"]
[BlackFideId "3206513"]
[EventDate "2011.07.30"]

1. d4 Nf6 2. c4 g6 3. Nc3 Bg7 4. Nf3 O-O 5. g3 d6 6. Bg2 c6 7. O-O Nbd7 8. b3 e5
9. Bb2 Re8 10. d5 cxd5 11. cxd5 a6 12. Rc1 b5 13. Nd2 Bb7 14. a4 Qb6 15. b4 Rac8
16. e3 h5 17. a5 Qa7 18. Nde4 Qb8 19. Re1 Nh7 20. Nd2 Re7 21. e4 Bh6 22. Bf1 Rf8
23. Rc2 h4 24. Nf3 hxg3 25. hxg3 f5 26. exf5 gxf5 27. Nd4 Rf6 28. Nc6 Qf8 29.
Nxe7+ Qxe7 30. Nxb5 axb5 31. Bxb5 Nb8 32. Qe2 Ng5 33. a6 Bxd5 34. Bc4 Bf7 35.
Bxf7+ Qxf7 36. Rc8+ Bf8 37. Rxb8 Rh6 38. Rd1 e4 39. Rb7 Qb3 40. Rc1 Nh3+ 41. Kf1
Nf4 42. Rc8 Rh1# 0-1